000 00922nam a22002177a 4500
999 _c10786
_d10786
003 AR-CdUCM
008 190402b ||||| |||| 00| 0 spa d
040 _aMUNICIPALIDAD PROVINCIAL DEL CUSCO
_cBIBLIOTECA MUNICIPAL DEL CUSCO
082 _a641.1 /
_bE81 / 1935
100 _aEscudero, Pedro
_927809
245 _aTrabajos y publicaciones /
260 _aBuenos Aires :
_bInstituto municipal de la nutrición,
_c1935.
300 _a635 páginas ;
_bIlustraciones,
_c24 cm.
505 _aContenido: Las leyes fundamentales de la alimentación -- La clasificación de los regímenes alimenticios y su aplicación al tratamiento -- El factor dieta-insulina-tiempo en el tratamiento de la diabetes grave ...
650 _aAlimentación
_919429
650 _aTratamiento de la diabetes
_927810
650 _aMedicina
_93637
710 _aInstituto municipal de la nutrición,
_927811
942 _2ddc
_cLIBROS
945 _aacv